Generálny tajomník OSN - Javier Pérez de Cuéllar de la Guerra

Životopis J. Peréza de Cuéllar de la Guerra, peruánskeho diplomata, politika, Generálneho tajomníka OSN (1982-1991).

Salvato in:
Dettagli Bibliografici
Autore principale: Ondrušek, Miloš
Natura: Capitolo di libro
Lingua:slovacco
Soggetti:
Tags: Aggiungi Tag
Nessun Tag, puoi essere il primo ad aggiungerne!!

MARC

LEADER 00000nla$a2200000$$$4500
001 0082716
005 20240502071928.8
041 0 |a slo 
044 |a SK 
245 1 0 |a Generálny tajomník OSN - Javier Pérez de Cuéllar de la Guerra  |c Miloš Ondrušek 
520 |a Životopis J. Peréza de Cuéllar de la Guerra, peruánskeho diplomata, politika, Generálneho tajomníka OSN (1982-1991). 
610 2 0 |a životopisy 
610 2 0 |a osobnosť 
610 2 0 |a Peru 
100 1 |a Ondrušek, Miloš